Σύστημα διαχείρισης αποβλήτων ελαιοτριβείων Λέσβου : πτυχιακή εργασία
Αποθηκεύτηκε σε:
| Κύριος συγγραφέας: | |
|---|---|
| Συγγραφή απο Οργανισμό/Αρχή: | |
| Άλλοι συγγραφείς: | , |
| Μορφή: | Thesis Βιβλίο |
| Γλώσσα: | Greek |
| Δημοσίευση: |
Μυτιλήνη :
Πανεπιστήμιο Αιγαίου, Τμήμα Περιβάλλοντος, Τομέας Περιβαλλοντικής Μηχανικής και Επιστήμης,
1996
|
| Θέματα: | |
| Διαθέσιμο Online: | http://hdl.handle.net/11610/9972 |
| Ετικέτες: |
Προσθήκη ετικέτας
Δεν υπάρχουν, Καταχωρήστε ετικέτα πρώτοι!
|
MARC
| LEADER | 00000cam a2200000 i 4500 | ||
|---|---|---|---|
| 001 | 1/5750 | ||
| 008 | 000608s1996 gre d | ||
| 035 | |l 10061695 | ||
| 040 | |a GR-MY-UA |b gre |e aacr | ||
| 041 | 0 | |a gre | |
| 082 | 0 | |a 628.5 |2 (22) | |
| 100 | 1 | |a Γαβριλάκης, Κώστας. | |
| 245 | 1 | 0 | |a Σύστημα διαχείρισης αποβλήτων ελαιοτριβείων Λέσβου : |b πτυχιακή εργασία / |c Κ. Ι. Γαβριλάκης, Γ. Α. Γεωργιάδης ; υπεύθυνος διδάσκων: Κ. Π. Χαλβαδάκης |
| 260 | |a Μυτιλήνη : |b Πανεπιστήμιο Αιγαίου, Τμήμα Περιβάλλοντος, Τομέας Περιβαλλοντικής Μηχανικής και Επιστήμης, |c 1996 | ||
| 300 | |a 75 σ.; |b πιν., σχ.; |c 30 εκ. | ||
| 500 | |a Επιτροπή: Α. Τρούμπης, Μ. Σκούρτος | ||
| 502 | |a Πτυχιακή εργασία – Πανεπιστήμιο Αιγαίου, Λέσβος, 1996. | ||
| 504 | |a Περιέχει παραρτήματα και βιβλιογραφία | ||
| 650 | 0 | 0 | |a Olive oil industry |z Greece |z Lesbos (Municipality) |
| 650 | 0 | 0 | |a Factory and trade waste |x Purification. |
| 650 | 0 | 0 | |a Olive oil industry |x Waste disposal. |
| 650 | 0 | 0 | |a Dissertations, Academic |z Greece. |
| 700 | 1 | |a Γεωργιάδης, Γιώργος. | |
| 700 | 1 | |a Χαλβαδάκης, Κωνσταντίνος Π. |4 ths | |
| 710 | 2 | |a Πανεπιστήμιο Αιγαίου. |b Σχολή Περιβάλλοντος. |b Τμήμα Περιβάλλοντος. | |
| 852 | |a INST |b LESVOS |c DIATR |e 20000608 |h 313 |p 005100025267 |q 005100025267 |t DIE |y 23 | ||
| 852 | |a INST |b LESVOS |c DIATR |e 20000608 |h 314 |p 005100026031 |q 005100026031 |t DIE |y 23 | ||
| 856 | |u http://hdl.handle.net/11610/9972 | ||
| 901 | |a BIBL1-2000-2 | ||
| 909 | |a Λ |b 080328 | ||
| 909 | |a Λ |b 080329 | ||
| 924 | |a ΓΑΒΡΙΛΑΚΗΣ |b Κ.Ι. |y ΛΕΣΒΟΣ |z 1996-08 | ||
| 924 | |a ΓΕΩΡΓΙΑΔΗΣ |b Γ.Α. |y ΛΕΣΒΟΣ |z 1996-08 | ||
| 970 | |a ΑΙΒΑΤΖΙΔΟΥ |b ΕΛΕΝΗ |z 2000/06/08 | ||